Binary Puzzle - Statistics

General Stats
  • This quiz has been taken 716 times
  • The average score is 23 of 48
Answer Stats
% Correct
1
68%
1
65%
1
64%
1
61%
1
59%
0
57%
1
56%
1
55%
0
54%
1
54%
1
53%
1
53%
0
52%
1
52%
0
51%
1
51%
1
51%
0
50%
1
50%
0
49%
0
49%
0
49%
1
49%
1
49%
1
49%
0
48%
1
48%
1
48%
0
47%
0
47%
1
45%
0
42%
0
41%
1
41%
0
40%
0
40%
1
40%
1
40%
1
40%
0
39%
0
39%
0
39%
0
38%
0
38%
1
38%
1
38%
0
37%
1
37%
No matching quizzes found
Score Distribution
Percent of People with Each Score
Percentile by Number Answered
Your Score History
You have not taken this quiz